Aquatic toxicology and hazard assessment : Eighth symposium S.8

Wedi'i Gadw mewn:
Manylion Llyfryddiaeth
Fformat: Llyfr
Cyhoeddwyd: ASTM 1985
Tagiau: Ychwanegu Tag
Dim Tagiau, Byddwch y cyntaf i dagio'r cofnod hwn!
Thư viện lưu trữ: Mạng thư viện Đại học Đà Nẵng
LEADER 00562nam a2200217 a 4500
001 000030048
003 16640
005 20171030145630.0
008 171030s1985
040 |a LTT 
082 0 |a 574.24  |b Aq-T 
245 0 0 |a Aquatic toxicology and hazard assessment : Eighth symposium  |c Rita C. Bahner, David J. Hansen, editors.  |n S.8 
260 |b ASTM  |c 1985 
500 |a ASIA 
OWN |a LTT 
999 |a From the UDN01 
TYP |a Monograph 
TYP |a Printed language 
980 |a Mạng thư viện Đại học Đà Nẵng